Obtención y evaluación de nuevos materiales de pasto llorón (Eragrostis curvula - Schrad. Nees) y desarrollo de protocolos biotecnológicos para su utilización en programas de mejoramiento de la especie /
Guardado en:
| Otros Autores: | , |
|---|---|
| Formato: | Manuscrito |
| Idioma: | Spanish |
| Publicado: |
2014.
|
| Materias: | |
| Acceso en línea: | Texto completo |
| Etiquetas: |
Agregar Etiqueta
Sin Etiquetas, Sea el primero en etiquetar este registro!
|
| LEADER | 01427ntm a22003135a 4500 | ||
|---|---|---|---|
| 001 | EUN.eunm006818 | ||
| 008 | 170301s2014####ag#######bm###000#0#spa#d | ||
| 005 | 20200819171033.0 | ||
| 245 | 1 | 0 | |a Obtención y evaluación de nuevos materiales de pasto llorón (Eragrostis curvula - Schrad. Nees) y desarrollo de protocolos biotecnológicos para su utilización en programas de mejoramiento de la especie / |c Claudia Mabelterenti [i.e. Mabel Terenti] Romero. |
| 260 | |c 2014. | ||
| 300 | |a 207 h. : |b il. col. ; |c 30 cm. | ||
| 500 | |a Directora de tesis: Viviana Echenique. | ||
| 500 | |a "Tesis Doctoral en Agronomía". | ||
| 502 | |a Tesis (doctoral)--Universidad Nacional del Sur. Departamento de Agronomía, 2015. | ||
| 504 | |a Incluye referencias bibliográficas. | ||
| 530 | |a Disponible también en formato digital. | ||
| 100 | 1 | |a Terenti Romero, Claudia Mabel. |4 dis | |
| 700 | 1 | |a Echenique, Viviana. |4 ths | |
| 710 | 2 | |a Universidad Nacional del Sur. |b Departamento de Agronomía |4 dgg. | |
| 082 | 0 | 4 | |a 040 |2 15 |
| 082 | 0 | 4 | |a 633.2 |2 21 |
| 650 | 7 | |a Agronomía. |2 unbist | |
| 653 | |a Pasto llorón | ||
| 653 | |a Cruzamientos | ||
| 653 | |a Transgénesis | ||
| 653 | |a Marcadores moleculares | ||
| 856 | 4 | 1 | |3 Texto completo |u http://repositoriodigital.uns.edu.ar/handle/123456789/3212 |
| 859 | |a AR-BaUNS |b BIB. CENTRAL - Tesis |h 040 |i B148 2015-1415te |k R |p 125975/017 | ||
| 859 | |a AR-BaUNS |b Dto. Agronomia |h 040 |i B148 2015-1415te |p 125976/017 | ||
